|
|
|
|
| LEADER |
05100nam a2200589 4500 |
| 001 |
978-3-319-75220-4 |
| 003 |
DE-He213 |
| 005 |
20191024001547.0 |
| 007 |
cr nn 008mamaa |
| 008 |
180720s2018 gw | s |||| 0|eng d |
| 020 |
|
|
|a 9783319752204
|9 978-3-319-75220-4
|
| 024 |
7 |
|
|a 10.1007/978-3-319-75220-4
|2 doi
|
| 040 |
|
|
|d GrThAP
|
| 050 |
|
4 |
|a QD478
|
| 072 |
|
7 |
|a TBN
|2 bicssc
|
| 072 |
|
7 |
|a SCI050000
|2 bisacsh
|
| 072 |
|
7 |
|a TBN
|2 thema
|
| 082 |
0 |
4 |
|a 541.2
|2 23
|
| 245 |
1 |
0 |
|a Label-Free Biosensing
|h [electronic resource] :
|b Advanced Materials, Devices and Applications /
|c edited by Michael J. Schöning, Arshak Poghossian.
|
| 250 |
|
|
|a 1st ed. 2018.
|
| 264 |
|
1 |
|a Cham :
|b Springer International Publishing :
|b Imprint: Springer,
|c 2018.
|
| 300 |
|
|
|a XII, 480 p. 200 illus., 149 illus. in color.
|b online resource.
|
| 336 |
|
|
|a text
|b txt
|2 rdacontent
|
| 337 |
|
|
|a computer
|b c
|2 rdamedia
|
| 338 |
|
|
|a online resource
|b cr
|2 rdacarrier
|
| 347 |
|
|
|a text file
|b PDF
|2 rda
|
| 490 |
1 |
|
|a Springer Series on Chemical Sensors and Biosensors, Methods and Applications,
|x 1612-7617 ;
|v 16
|
| 505 |
0 |
|
|a Nanomaterial-modified Capacitive Field-effect Biosensors -- Silicon Nanowire Field-effect Biosensors -- Label-free Biosensors Based on III-Nitride Semiconductors -- (Bio-)chemical Sensing and Imaging by LAPS and SPIM -- Biosensorial Application of Impedance Spectroscopy with Focus on DNA Detection -- Label-free Impedimetric Biosensing Using 3D Interdigitated Electrodes -- Electrochemical Nanocavity Devices -- Computational Modeling of Biomolecule Sensing with a Solid-state Membrane -- Amperometric Sensors Based on Carbon Nanotubes in Layer-by-Layer Films -- Graphene-based Biosensors and their Applications in Biomedical and Environmental Monitoring -- Label-free MIP-Sensors for Protein Biomarkers -- Biomimetic Recognition for Acoustic Sensing in Liquids -- Enzyme Logic Systems - Biomedical and Forensic Biosensor Applications -- Heat Transfer as a New Sensing Technique for the Label-Fee Detection of Biomolecules -- Towards Ultrasensitive Surface Plasmon Resonance Sensors -- Biomagnetic Sensing.
|
| 520 |
|
|
|a This volume summarizes the state-of-the-art technologies, key advances and future trends in the field of label-free biosensing. It provides detailed insights into the different types of solid-state, label-free biosensors, their underlying transducer principles, advanced materials utilized, device-fabrication techniques and various applications. The book offers graduate students, academic researchers, and industry professionals a comprehensive source of information on all facets of label-free biosensing and the future trends in this flourishing field. Highlights of the subjects covered include label-free biosensing with: · semiconductor field-effect devices such as nanomaterial-modified capacitive electrolyte-insulator-semiconductor structures, silicon nanowire transistors, III-nitride semiconductor devices and light-addressable potentiometric sensors · impedimetric biosensors using planar and 3D electrodes · nanocavity and solid-state nanopore devices · carbon nanotube and graphene/graphene oxide biosensors · electrochemical biosensors using molecularly imprinted polymers · biomimetic sensors based on acoustic signal transduction · enzyme logic systems and digital biosensors based on the biocomputing concept · heat-transfer as a novel transducer principle · ultrasensitive surface plasmon resonance biosensors · magnetic biosensors and magnetic imaging devices .
|
| 650 |
|
0 |
|a Nanochemistry.
|
| 650 |
|
0 |
|a Nanotechnology.
|
| 650 |
|
0 |
|a Biomedical engineering.
|
| 650 |
|
0 |
|a Biophysics.
|
| 650 |
|
0 |
|a Biological physics.
|
| 650 |
|
0 |
|a Biology-Technique.
|
| 650 |
1 |
4 |
|a Nanochemistry.
|0 http://scigraph.springernature.com/things/product-market-codes/C33000
|
| 650 |
2 |
4 |
|a Nanotechnology and Microengineering.
|0 http://scigraph.springernature.com/things/product-market-codes/T18000
|
| 650 |
2 |
4 |
|a Nanotechnology.
|0 http://scigraph.springernature.com/things/product-market-codes/Z14000
|
| 650 |
2 |
4 |
|a Biomedical Engineering/Biotechnology.
|0 http://scigraph.springernature.com/things/product-market-codes/B24000
|
| 650 |
2 |
4 |
|a Biological and Medical Physics, Biophysics.
|0 http://scigraph.springernature.com/things/product-market-codes/P27008
|
| 650 |
2 |
4 |
|a Biological Techniques.
|0 http://scigraph.springernature.com/things/product-market-codes/L28000
|
| 700 |
1 |
|
|a Schöning, Michael J.
|e editor.
|4 edt
|4 http://id.loc.gov/vocabulary/relators/edt
|
| 700 |
1 |
|
|a Poghossian, Arshak.
|e editor.
|4 edt
|4 http://id.loc.gov/vocabulary/relators/edt
|
| 710 |
2 |
|
|a SpringerLink (Online service)
|
| 773 |
0 |
|
|t Springer eBooks
|
| 776 |
0 |
8 |
|i Printed edition:
|z 9783319752198
|
| 776 |
0 |
8 |
|i Printed edition:
|z 9783319752211
|
| 776 |
0 |
8 |
|i Printed edition:
|z 9783030091736
|
| 830 |
|
0 |
|a Springer Series on Chemical Sensors and Biosensors, Methods and Applications,
|x 1612-7617 ;
|v 16
|
| 856 |
4 |
0 |
|u https://doi.org/10.1007/978-3-319-75220-4
|z Full Text via HEAL-Link
|
| 912 |
|
|
|a ZDB-2-CMS
|
| 950 |
|
|
|a Chemistry and Materials Science (Springer-11644)
|